Statistics for Countries with Adjectives in Their Name

Click here to take the quiz!

General Stats

  • This quiz has been taken 295 times
  • The average score is 12 of 30

Answer Stats

Hint Answer % Correct
North AmericaUnited States of America
76%
EuropeUnited Kingdom
74%
AsiaNorth Korea
69%
AsiaSouth Korea
69%
OceaniaNew Zealand
69%
AfricaSouth Africa
68%
AfricaSouth Sudan
57%
AsiaUnited Arab Emirates
51%
AfricaDemocratic Republic of the Congo
46%
OceaniaPapua New Guinea
46%
North AmericaDominican Republic
43%
AsiaEast Timor
41%
EuropeCzech Republic
39%
AsiaSaudi Arabia
38%
OceaniaFederated States of Micronesia
38%
OceaniaMarshall Islands
36%
AfricaCentral African Republic
36%
OceaniaSolomon Islands
34%
AfricaIvory Coast
32%
AfricaEquatorial Guinea
31%
EuropeVatican City
30%
North AmericaCosta Rica
29%
AfricaCape Verde
24%
AsiaPakistan
20%
AsiaTurkmenistan
19%
AsiaUzbekistan
19%
AsiaKazakhstan
18%
AsiaTajikistan
18%
AsiaKyrgyzstan
17%
AsiaAfghanistan
17%

Score Distribution

Percentile by Number Answered

Percent of People with Each Score

Your Score History

You have not taken this quiz